000 01343nam a2200325 a 4500
999 _c138759
_d138759
003 BLK
005 20250712130735.0
008 180409b bul|||||r ||||||| ||bul||
010 _aKNG00144756000
020 _a978-954-491-749-4
020 _a9789544918316
040 _aBLK
041 _aBUL
_cBUL
072 7 _2bullib
_aН84
_xБългарска художествена литература Н
080 _aБългарска литература
_b821.163.2
_x-31
_z821.163.2-31
100 1 _aГосподинов, Георги
_eпърви автор
_gГеоргиев, Георги Господинов
_9364800
139 _aГосподинов, Георги
_bГ 70
245 1 0 _aФизика на тъгата
_bРоман
_cГеорги Господинов; * Георги Господинов Георгиев.
257 _aBGR
260 _aПловдив
_bЖанет 45
_c2012
300 _a342 с.
_bс ил.
_c20 см
380 _aX
500 _aПълното име на авт. е Георги Господинов Георгиев.
700 1 _aГеоргиев, Георги Господинов
_e*
_9299747
852 _aЦб 260543
_bЦб
856 4 _qpdf
_i0.00
_ldisable
856 4 _qpdf
_i0.00
_ldisable
942 _cKNG
_n0
_s1
_09
944 _aCR
_c04.07.2013
_k30575
_lМартин Енчев